| 000 | 00426nam a22001457a 4500 | ||
|---|---|---|---|
| 008 | 250522b |||||||| |||| 00| 0 eng d | ||
| 020 | _a9780719524523 | ||
| 050 |
_aPR9105.R66 _b.S27 2007 |
||
| 100 | _aRosnay De Tatiana | ||
| 245 | _aSarah Key | ||
| 260 |
_aLondon _bJohn Murray _c2008 |
||
| 300 |
_a294p. _b20cm; |
||
| 650 |
_aJews - France - Fiction _vWorld War, 1939-1945 - France - Anniversaries, etc - Fiction |
||
| 942 | _cBK | ||
| 999 |
_c3610 _d3610 |
||